|
|
|
|
| LEADER |
00908nam a2200229 a 4500 |
| 008 |
100406s2002 enka 001 0 eng d |
| 040 |
|
|
|a BD-DhAAL
|c BD-DhAAL
|d BD-DhAAL
|
| 020 |
|
|
|a 0078274052
|
| 082 |
0 |
4 |
|a 006.6
|2 21
|
| 100 |
1 |
|
|a Marple, Margaret
|
| 245 |
1 |
0 |
|a PowerPoint comprehensive :
|b a professional approach /
|c Margaret Marple.
|
| 260 |
|
|
|a New York :
|b Glencoe/McGraw-Hill,
|c c2002.
|
| 300 |
|
|
|a 1 v. (various pagings) :
|b col. ill. ;
|c 26 cm.
|
| 504 |
|
|
|a Includes index.
|
| 541 |
1 |
|
|e 00015625
|
| 630 |
0 |
0 |
|a PowerPoint (Computer file)
|
| 650 |
|
0 |
|a Business presentations
|x Graphic methods
|x Computer programs.
|
| 650 |
|
0 |
|a Computer graphics.
|
| 852 |
4 |
|
|a Ayesha Abed Library
|j General shelf
|
| 942 |
0 |
0 |
|0 1
|
| 999 |
|
|
|c 7974
|d 7974
|
| 952 |
|
|
|0 0
|1 0
|2 ddc
|4 0
|6 006_600000000000000_MAR_2002
|7 0
|9 9009
|a BRACUL
|b BRACUL
|c GEN
|d 2010-04-06
|l 4
|m 15
|o 006.6 MAR
|p 3010015625
|r 2025-03-22
|s 2025-01-14
|t 1
|w 2010-04-06
|y BK
|